[Event "URS-chT Cup 11th"]
[Site "Rostov on Don"]
[Date "1980.05.??"]
[Round "5"]
[White "Geller, Efim P"]
[Black "Suetin, Alexey S"]
[Result "1-0"]
[WhiteElo "2550"]
[BlackElo "2530"]
[Annotator "RR"]
[PlyCount "135"]
[EventDate "1980.05.23"]
[EventType "team-tourn"]
[EventRounds "7"]
[EventCountry "URS"]
[SourceTitle "EXT 2020"]
[Source "ChessBase"]
[SourceDate "2019.10.17"]
[SourceVersion "1"]
[SourceVersionDate "2019.10.17"]
[SourceQuality "1"]
[WhiteTeam "Soviet Army"]
[BlackTeam "Trud"]
[WhiteTeamCountry "URS"]
[BlackTeamCountry "URS"]

1. e4 e5 2. Nf3 Nc6 3. Bb5 a6 4. Ba4 d6 (4... Nf6) 5. O-O Bd7 6. d4 b5 7. Bb3
Nxd4 8. Nxd4 exd4 9. c3 d3 (9... dxc3 $143 10. Qh5) 10. Qxd3 Nf6 11. Bg5 Be7
12. Nd2 O-O 13. Rae1 Bc6 14. f4 Nd7 $146 ({RR} 14... h6 15. Bc2 hxg5 16. fxg5
g6 17. gxf6 Bxf6 18. Nf3 Qe7 19. Nd4 Bb7 20. Nf5 Qe5 21. Nh6+ Kg7 22. Ng4 Qc5+
23. Kh1 Be5 24. Bb3 Bc8 25. Nxe5 Qxe5 26. Qd5 Qxd5 27. Bxd5 Rb8 28. e5 Be6 29.
Bxe6 {Hindle,O-Pritchard,D/Bognor Regis 1959/EXT 1999/1-0 (51)}) 15. Bxe7 Qxe7
16. Qh3 Rae8 (16... Nc5 17. Bc2 {[%cal Gc2h7]}) 17. Nf3 {[%cal Gf3g5]} Nc5 18.
Bc2 h6 $6 {[%csl Rg6]} (18... Qe6) 19. Nd4 $1 {[%cal Gd4f5]} Bd7 20. Qg3 Qf6
21. b4 Na4 (21... Ne6) 22. e5 dxe5 23. fxe5 Qg5 24. Qd3 $40 g6 25. h4 $1 Qh5 (
25... Qxh4 $4 26. e6) 26. Bb3 c5 27. e6 $1 c4 28. exf7+ (28. Qg3 $1 cxb3 29.
Rf5 $3 {[%csl Rh5] enfermant la Q!} Qxf5 30. Nxf5 b2 $1 {[%csl Gb2]} 31. Nxh6+
Kg7 32. Nf5+ Kh7 33. exd7 Rxe1+ 34. Qxe1 gxf5 $13 {GELLER a probablement vu la
combinaison mais le Ppassé "b2" est soutenu par le N est trés fort.}) 28...
Rxf7 29. Rxe8+ Bxe8 30. Qe4 Rxf1+ 31. Kxf1 Bf7 32. Bxa4 $1 bxa4 33. Ke1 $14 {
[%csl Ra4,Ra6,Rc4]} Kg7 34. a3 Kf6 35. Qf4+ Kg7 36. Nf3 Qd5 37. Kf2 Be6 38. g4
$1 Qd3 $2 $138 39. Qe5+ $1 {Le N est nettement meilleur que la B malgré une
position ouverte et des P sur les deux ailes mais l'aile-dame adverse présente
plusieurs faiblesses.} Kf7 40. g5 {[%csl Gf6]} Bd5 41. Qf6+ Kg8 42. Qd8+ (42.
gxh6 $18 {[%cal Gf6g7]} Qxf3+ 43. Qxf3 Bxf3 44. Kxf3 Kh7 45. Kf4 Kxh6 46. Kg4
Kg7 47. Kg5 Kf7) 42... Kh7 43. Qe7+ Kg8 44. Nd4 Qd2+ 45. Ne2 hxg5 46. Qd8+ Kh7
47. hxg5 Qd3 48. Qe7+ Kg8 49. Qe8+ Kh7 50. Qe3 Qf5+ 51. Qf4 Qd3 52. Nd4 $16 Bg8
53. Qe3 Qd1 54. Qe1 Qg4 $6 (54... Qd3) 55. Qe7+ Kh8 56. Nf3 $1 {[%cal Gf3g5]}
Qh3 57. Qe5+ Kh7 58. Qc7+ Kh8 59. Qh2 $1 Qh5 {la finale Ncontre mauvais B sera
difficile а sauver pour les noirs en jouant Qh2 mais le remède est pire que le
mal avec Qh5} 60. Qe5+ $40 Kh7 61. Qe7+ Kh8 62. Kg3 Qh1 63. Qe1 Qh5 64. Qe5+
Kh7 65. Qe7+ Kh8 66. Ne5 Bd5 $4 67. Ng4 $1 {[%cal Gg4f6,Ge7f8,Gf8h6]} Bg8 68.
Qe5+ 1-0

[Event "Volgograd"]
[Site "Volgograd"]
[Date "1994.??.??"]
[Round "11"]
[White "Saltaev, Mihail"]
[Black "Yandemirov, Valeri"]
[Result "1/2-1/2"]
[WhiteElo "2480"]
[BlackElo "2510"]
[Annotator "Wedberg,T"]
[PlyCount "27"]
[EventDate "1994.??.??"]
[EventType "tourn"]
[EventRounds "13"]
[EventCountry "NED"]
[EventCategory "8"]
[SourceTitle "CBM 041"]
[Source "ChessBase"]
[SourceDate "1994.08.01"]
[SourceVersion "1"]
[SourceVersionDate "1994.08.01"]
[SourceQuality "1"]

1. e4 e5 2. Nf3 Nc6 3. Bb5 a6 4. Ba4 d6 5. O-O Bg4 6. h3 h5 7. c3 $6 (7. d4 {
- C72}) 7... Qf6 8. d3 (8. Bxc6+ bxc6 9. d4 Qg6 10. Qd3 Be7 11. hxg4 hxg4 12.
Nh2 Nf6 13. Qg3 Nxe4 14. Qxg4 Qh7 15. Qh3 Qg8 16. Qg4 Qh7 {= ECO}) 8... Bxf3 9.
Qxf3 Qxf3 10. gxf3 f5 11. f4 (11. exf5 Nge7 $15) 11... exf4 12. Bxf4 fxe4 13.
Re1 O-O-O 14. Rxe4 1/2-1/2

[Event "RUS-Cup03 Geller Memorial"]
[Site "Moscow"]
[Date "1999.02.13"]
[Round "4"]
[White "Nikolenko, Oleg"]
[Black "Frog, Ilya"]
[Result "1-0"]
[WhiteElo "2510"]
[BlackElo "2415"]
[Annotator "Wedberg,T"]
[PlyCount "120"]
[EventDate "1999.02.10"]
[EventType "swiss"]
[EventRounds "9"]
[EventCountry "RUS"]
[SourceTitle "CBM 070"]
[Source "ChessBase"]
[SourceDate "1999.06.08"]
[SourceVersion "1"]
[SourceVersionDate "1999.06.08"]
[SourceQuality "1"]

1. e4 {Hecht} e5 2. Nf3 Nc6 3. Bb5 a6 4. Ba4 Nge7 5. O-O d6 6. d4 b5 7. Bb3
Nxd4 8. Nxd4 exd4 9. c3 dxc3 (9... d3 {is perhaps less dangerous.}) 10. Nxc3
Be6 (10... Ng6 11. f4 Be7 12. Qh5 Bf6 (12... O-O 13. Nd5 Be6 $2 14. f5 Bxd5 15.
fxg6 $18 {1-0 Kindermann,S-Castro Rojas,O/Novi Sad 1990/TD (20)}) 13. Be3 Bxc3
14. bxc3 Bb7 15. Bd4 Qe7 16. Rae1 O-O-O $13 {0-1 Van den Bosch,J-Rubinstein,A/
NLD m1 1930/EXT 98 (28)}) 11. f4 $36 Bxb3 12. axb3 Nc6 13. Nd5 Ne7 14. Be3 {
There is an old rule of thumb saying that a couple of tempi are worth a P.
Well White is approximately three moves ahead here, so it's hardly a surprise
that Black is worse.} c5 15. f5 Nxd5 16. Qxd5 Ra7 17. Rfd1 Qa8 (17... Be7 $2
18. Bxc5 dxc5 19. Qc6+ Rd7 20. Rxa6 $18) 18. b4 $1 Qxd5 19. Rxd5 Be7 20. bxc5
dxc5 21. Bxc5 Bxc5+ 22. Rxc5 $16 {White wins a P.} Ke7 23. Rxb5 axb5 24. Rxa7+
Kf6 25. e5+ Kxf5 26. Rxf7+ Kxe5 27. Rxg7 {Hecht: '[#] Der schwarze König
begibt sich nach vorn ins Niemandsland, um die Aktivierung der weißen
Königsflügelmehrheit zu erschweren und bei Bedarf, den b-Bauern von hinten
anzugreifen. '} Kd4 28. Rg4+ Ke3 (28... Kc5 {Hecht} 29. b4+ Kd5 30. Rh4 h5 31.
g3 Rh7 32. Kg2 Rh8 33. Kh3 Rh7 34. Rf4 $16 {[%csl Rh5][%cal Rh3h4,Rh4g5]}) 29.
Rb4 Rc8 30. Rb3+ Ke2 31. g3 Rc5 32. Kg2 h5 33. Kh3 Kd2 34. Rb4 Kc2 35. Kg2 Kd3
36. h4 Kc2 37. Kf3 Kc1 38. Ke3 (38. g4 $2 {Hecht} hxg4+ 39. Kxg4 Rc4+ 40. Rxc4+
bxc4 41. h5 Kxb2 42. h6 c3 43. h7 c2 44. h8=Q+ Kb1 $11) 38... Kc2 39. Ke4 {
'!' Hecht.} Kc1 (39... Rc4+ {Hecht} 40. Rxc4+ bxc4 41. Kd4 Kb3 42. Kc5 c3 43.
bxc3 Kxc3 44. Kd5 Kd3 45. Ke5 Ke3 46. Kf5 Kf3 47. Kg5 Kxg3 48. Kxh5 Kf4 49. Kg6
$18) 40. Kd3 Rd5+ (40... Kb1 $5 {Hecht}) 41. Kc3 Rc5+ 42. Kb3 Re5 43. g4 hxg4
44. Rxg4 Re3+ 45. Ka2 Rh3 46. Rb4 Kc2 47. Rxb5 Rxh4 {Hecht: '[#] Der schwarze
König wird nun von c5 aus vertkal und horizontal vom Umwandlungsfeld des
b-Bauern abgeschnitten. Der Gewinn ist nur noch eine Frage der Technik.'} 48.
Rc5+ {This is a theoretical win for White.} Kd3 49. Ka3 Kd4 50. b4 Rh8 51. Ka4
Ra8+ 52. Ra5 Rb8 53. Ra6 {'!' Hecht.} Kc4 54. Rc6+ Kd5 55. b5 Ra8+ 56. Kb4 Ra1
57. Rc7 Kd6 58. b6 Ra8 59. Kb5 Ra1 60. Rc8 Kd7 {Hecht: 'Der Rest ist
Brückenbautechnik'} (60... Kd7 {Hecht} 61. b7 Rb1+ 62. Ka6 Ra1+ 63. Kb6 Rb1+
64. Ka7 Ra1+ 65. Kb8 Ra2 66. Rc1 Ra3 67. Rd1+ Ke7 68. Rd4 Ra1 69. Kc7 Rc1+ 70.
Kb6 Rb1+ 71. Kc6 Rb2 72. Rd5 {[%cal Rd5b5]}) 1-0

[Event "Corus"]
[Site "Wijk aan Zee"]
[Date "2004.01.20"]
[Round "9"]
[White "Shirov, Alexei"]
[Black "Sokolov, Ivan"]
[Result "1-0"]
[WhiteElo "2736"]
[BlackElo "2706"]
[Annotator "Wedberg,T"]
[PlyCount "51"]
[EventDate "2004.01.10"]
[EventType "tourn"]
[EventRounds "13"]
[EventCountry "NED"]
[EventCategory "19"]
[SourceTitle "CBM 099"]
[Source "ChessBase"]
[SourceDate "2004.03.30"]
[SourceVersion "1"]
[SourceVersionDate "2004.03.30"]
[SourceQuality "1"]

1. e4 e5 2. Nf3 Nc6 3. Bb5 a6 4. Ba4 d6 5. O-O Bg4 6. h3 h5 7. Bxc6+ ({
Avoiding the main line starting with} 7. d4 b5 8. Bb3 Nxd4 9. hxg4 hxg4 {
here Black has been experimenting with} 10. Ng5 Nxb3 (10... Nh6 {is the old
main line}) 11. axb3 Qd7 {lately, here is one example:} 12. c4 Rb8 13. Qd5 c6
14. Qxf7+ Qxf7 15. Nxf7 Kxf7 {with promising play for Black due to the open
h-file in de Firmian, N - Sokolov, I/ Selfoss Milk Masters 2003.}) 7... bxc6 8.
d4 Qf6 9. Nbd2 (9. dxe5 dxe5 10. hxg4 hxg4 11. Bg5 Qe6 12. Nh4 (12. Nh2 g3 13.
Ng4 Qg6 $17 {0-1 Dely,P-Kerkhoff,P/Jugoslavija 1966/Inf 02 (20)}) 12... Rh5 13.
Qd2 f6 14. Nf5 Rxg5 $13 {1/2-1/2 Minic,D-Mestrovic,Z/Vrnjacka Banja 1966/Inf
02 (25)}) 9... Be6 (9... Ne7 10. Re1 Bd7 11. Nb3 Qg6 12. dxe5 Bxh3 13. Ng5 Bg4
14. f3 f6 15. exd6 cxd6 16. Qxd6 Rd8 17. Qh2 fxg5 18. fxg4 {1-0 Yemelin,
V-Yandemirov,V/St Petersburg 1998/EXT 99 (26)}) (9... g5 10. dxe5 dxe5 11. Nc4
Bxf3 12. Qxf3 Qxf3 13. gxf3 f6 14. Be3 {was slightly more comfortable for
White in 1-0 Pavlovic,M-Yeo,M/Bern 2000/EXT 2002 (28)}) 10. Nb3 Qg6 11. Ng5 $5
$146 {[%mdl 8] Aggressive and logical. White can use his lead in development
to achieve a strong initiative.} (11. Nh4 $6 Qxe4 12. Nf3 f6 13. Re1 Qd5 {
was solid for Black in 0-1 Bangiev,A-Vorotnikov,V/Vilnius 1977/EXT 2002 (52)})
(11. Qd3 f6 (11... Be7 12. dxe5 Bxh3 13. Nh4 Bxh4 14. Qxh3 Be7 15. Bf4 $14 {
1-0 Faibisovich,V-Vorotnikov,V/Daugavpils 1978/MCD (40)}) 12. Nh4 Qf7 13. Qc3
Ne7 14. f4 Bc4 15. Rf2 exd4 16. Nxd4 c5 17. Ndf3 g6 18. f5 $13 {0-1 Kim,
V-Vorotnikov,V/Daugavpils 1978/MCD (63)}) 11... Bd7 12. dxe5 dxe5 13. f4 exf4
14. Bxf4 Be7 (14... f6 {would have been more prudent.} 15. Nf3 Bxh3 16. Nh4 Qg4
17. Qxg4 Bxg4 18. Ng6 Rh7 19. Bxc7 $14) 15. Qd2 Rd8 (15... f6 16. Nf3 Bxh3 $2
17. Nh4 Qg4 18. Qc3 $18) 16. Nxf7 $1 {[%mdl 128] The main idea is to
disorganize the Black position and to prevent him from castling. From a
material standpoint White is not really sacrificing anything since he gets R +
2P's for B + N.} Qxf7 17. Bxc7 Qe6 18. Bxd8 Bxd8 19. Kh1 $1 (19. Nc5 Bb6 {
gives Black some hope of survival.}) 19... Nf6 (19... Bb6 20. Qb4 $16) 20. Nc5
Qe7 21. Rad1 $1 {Black is not left in peace to get everything i order.} Bc8 (
21... Qxc5 22. Rxf6 Bxf6 23. Qxd7+ Kf8 24. Qc8+ Kf7 25. Qxh8 $18) 22. e5 $1 Nd5
23. Ne4 Qxe5 (23... Bc7 24. Nd6+ Bxd6 25. exd6 Qxd6 26. c4 $18) 24. Rde1 Be7
25. c4 Bb4 26. Nc3 1-0

[Event "Selfoss Milk Masters 2nd"]
[Site "Selfoss"]
[Date "2003.10.29"]
[Round "1"]
[White "De Firmian, Nick E"]
[Black "Sokolov, Ivan"]
[Result "0-1"]
[WhiteElo "2553"]
[BlackElo "2695"]
[Annotator "Wedberg,T"]
[PlyCount "62"]
[EventDate "2003.10.29"]
[EventType "tourn"]
[EventRounds "9"]
[EventCountry "ISL"]
[EventCategory "15"]
[SourceTitle "CBM 098"]
[Source "ChessBase"]
[SourceDate "2004.02.03"]
[SourceVersion "1"]
[SourceVersionDate "2004.02.03"]
[SourceQuality "1"]

1. e4 e5 2. Nf3 Nc6 3. Bb5 a6 4. Ba4 d6 5. O-O Bg4 6. h3 h5 7. d4 b5 8. Bb3
Nxd4 9. hxg4 Nxb3 {Usually Black avoids exchanging on b3, but this move has
been played a few times lately - maybe a new trend is in the making.} (9...
hxg4 10. Ng5 Nh6 {is main line.}) 10. axb3 hxg4 11. Ng5 Qd7 {[%cal Yf7f6]} 12.
c4 (12. f3 f6 $2 (12... d5 $1) 13. Qd5 c6 14. Qe6+ Qe7 15. fxg4 fxg5 16. Qg6+
$18 {1-0 Boros,D-Vrona,M/Budapest 2002/CBM 89 ext (21)}) 12... Rb8 13. Qd5 {
White's N on g5 is doomed. The question is only how White can get the most out
of it.} (13. cxb5 axb5 14. Nc3 f6 15. Ra7 Ne7 16. Nd5 Nxd5 17. exd5 Qf5 18. f3
fxg5 19. fxg4 Qh7 20. Qf3 Qh2+ 21. Kf2 Be7 22. Qe3 O-O+ {0-1 Aseev,
K-Yandemirov,V/Krasnoyarsk 2003/CBM 98 (22)}) (13. Rxa6 f6 14. Nc3 fxg5 (14...
bxc4 15. Nd5 fxg5 16. Ra7 Rc8 17. Bxg5 Ne7 18. Nb6 $16 {1-0 Popov,V-Yandemirov,
V/Krasnoyarsk 2003/CBM 98 (34)}) 15. Nxb5 Be7 16. Ra7 Bd8 17. Bxg5 Nf6 18. f3
g3 $13 {0-1 Popov,V-Yandemirov,V/Voronezh 2003/CBM 94 ext (25)}) (13. cxb5 axb5
14. Nc3 f6 15. Ra7 Ne7 16. Nd5 Nxd5 17. exd5 Qf5 18. f3 fxg5 19. fxg4 Qh7 20.
Qf3 Qh2+ 21. Kf2 Be7 22. Qe3 O-O+ {0-1 Aseev,K-Yandemirov,V/Krasnoyarsk 2003/
CBM 98 no vc (22)}) 13... c6 14. Qxf7+ Qxf7 15. Nxf7 Kxf7 {[%csl Rg1][%cal
Yh8h1][%mdl 4224] The ending is favourable for Black because he still has
attacking chances down the h-file.} 16. Rxa6 Nf6 17. Re1 bxc4 18. bxc4 d5 19.
Rxc6 (19. exd5 cxd5 20. Rxe5 g3 $1 $36) 19... Bb4 20. Rd1 d4 21. Rc7+ Kg6 22.
f3 g3 $1 {White's K is vulnerable.} 23. Nd2 {[%cal Yd2f1,Yf1g3]} Bxd2 24. Bxd2
(24. Rxd2 Rh2 25. Rd1 d3 $1 $40) 24... Rh2 25. Be1 Rxb2 26. Bd2 Nh5 27. c5 Nf4
$19 28. Bxf4 exf4 29. c6 Rbxg2+ 30. Kf1 Rc2 31. Kg1 Rh5 0-1

[Event "Pamplona"]
[Site "Pamplona"]
[Date "2000.01.05"]
[Round "9"]
[White "Short, Nigel D"]
[Black "Timman, Jan H"]
[Result "1-0"]
[WhiteElo "2675"]
[BlackElo "2650"]
[Annotator "Wedberg,T"]
[PlyCount "73"]
[EventDate "1999.12.27"]
[EventType "tourn"]
[EventRounds "9"]
[EventCountry "ESP"]
[EventCategory "15"]
[SourceTitle "CBM 075"]
[Source "ChessBase"]
[SourceDate "2000.04.05"]
[SourceVersion "1"]
[SourceVersionDate "2000.04.05"]
[SourceQuality "1"]

1. e4 e5 2. Nf3 Nc6 3. Bb5 a6 4. Ba4 d6 5. O-O Bg4 6. h3 h5 7. d4 b5 8. Bb3
Nxd4 9. hxg4 hxg4 10. Ng5 Nh6 {This is a funny line. Black has given a piece
and White seems to be attacking, but the point of Black´s setup is the trapped
N on g5.} 11. f4 (11. c3) (11. Bd5 {and}) (11. g3 {have also been played.})
11... c6 (11... d5 $5 12. Bxd5 Bc5 13. Be3 Qd6 14. b4 Bb6 15. c4 bxc4 16. Na3
Ndf5 $13 {1/2-1/2 Ciric,D-Scholl,E/Amsterdam 1970/MCL (30)}) (11... Nxb3 12.
axb3 c6 13. g3 Be7 14. c4 b4 15. Kg2 Bf6 16. Qd2 exf4 17. gxf4 Qe7 18. Re1 $14
{1-0 Rodriguez,R-Berger,B/Manila 1968/MCD (58)}) 12. g3 (12. Nxf7 $2 Qh4 13.
Nxh8 g3 $19) 12... Nxb3 {This exchange seems to favour White in this line.} (
12... Qe7 13. f5 (13. fxe5) 13... Qd8 14. Be3 Nxb3 15. axb3 Be7 16. Qc1 d5 $132
{0-1 Gorshkov,Y-Vorotnikov,V/Cheliabinsk 1975/MCD (30)}) 13. cxb3 exf4 14. gxf4
Qd7 15. f5 $1 $14 {Creating a nice post on e6 should Black ever consider f6.
Black has two P:s for the N, but it´s hardly enough here.} d5 16. Bf4 O-O-O 17.
Nc3 Bd6 18. Qd4 Bxf4 19. Rxf4 Qc7 20. Qf2 d4 21. Ne2 d3 22. Ng3 Kb7 23. Qe3 d2
24. Rff1 Rd7 25. Rad1 Rhd8 26. Qf4 Qb6+ 27. Rf2 Rd3 28. Kg2 $16 Qd4 29. e5 Qxb2
30. N5e4 R8d5 31. f6 Rf3 32. Rxf3 gxf3+ 33. Kxf3 Qxa2 34. fxg7 Qxb3+ 35. Ke2
Qc4+ 36. Kf2 Qd4+ 37. Kg2 1-0

[Event "Reykjavik Olafsson"]
[Site "Reykjavik"]
[Date "1995.??.??"]
[Round "4"]
[White "Arnason, Jon Loftur"]
[Black "Gretarsson, Helgi Ass"]
[Result "1/2-1/2"]
[WhiteElo "2545"]
[BlackElo "2440"]
[Annotator "Wedberg,T"]
[PlyCount "59"]
[EventDate "1995.09.??"]
[EventType "tourn"]
[EventRounds "11"]
[EventCountry "ISL"]
[EventCategory "11"]
[SourceTitle "CBM 049"]
[Source "ChessBase"]
[SourceDate "1995.12.01"]
[SourceVersion "1"]
[SourceVersionDate "1995.12.01"]
[SourceQuality "1"]

1. e4 e5 2. Nf3 Nc6 3. Bb5 a6 4. Ba4 d6 5. O-O Bd7 6. d4 b5 7. Bb3 Nxd4 (7...
exd4 8. c3 dxc3 (8... d3 9. Qxd3 Nf6 10. Bg5 Be7 11. a4 Rb8 12. Nbd2 O-O 13.
Bc2 Ne5 14. Nxe5 dxe5 15. Nf3 h6 16. Bh4 Bc6 17. Qxd8 Bxd8 $10 {Watson,W-Zude,
A/BL2/1993}) 9. Qd5 Qe7 10. Nxc3 Nf6 11. Qd1 h6 12. Nd5 Qd8 13. Bf4 Be7 14. e5
dxe5 15. Bxe5 Nxd5 16. Bxd5 O-O 17. Rc1 Qe8 18. Qc2 $14 {Kindermann,S-Goehring/
BL 1988}) 8. Nxd4 exd4 9. c3 (9. Re1 $5 Nf6 10. f4 Be7 11. e5 Bg4 12. exf6 Bxd1
13. Rxe7+ Kf8 14. Rxf7+ Ke8 15. Re7+ Kf8 16. f5 gxf6 17. Re1 d5 18. Rxd1 c5 19.
a4 c4 20. Ba2 Qb6 $13 {Murawski,G-Kania,P/POL-chJ U20/1994}) 9... dxc3 (9... d3
10. Qh5 (10. Qxd3 Nf6 11. Bg5 Be7 12. Nd2 O-O 13. Bc2 g6 14. h3 Re8 15. f4 Bc6
16. Rae1 Nd7 17. Bxe7 Qxe7 $10 {Dueball,J-Zude,A/BL2/1993}) 10... g6 11. Qd5
Be6 12. Qxd3 Bg7 13. Bxe6 fxe6 14. a4 Rb8 15. Na3 Qd7 16. Nc2 Ne7 17. Nb4 Qc8
18. axb5 axb5 19. Bg5 $16 {Kindermann,S-Mandl,Ro/GER-Cup/1991}) 10. Qh5 Qe7 11.
Nxc3 Nf6 12. Qd1 (12. Qf3 Bc6 13. Re1 $14 {ECO Rabar/Ugrinovic} (13. Nd5 Bxd5
14. exd5 Qd7 15. a4 $44 {Mieses-Schlechter/Hastings/1895})) 12... c6 13. Re1
Be6 14. Bg5 h6 15. Nd5 Qd8 16. Nxf6+ (16. Bxf6 $1 gxf6 17. f4 $40) 16... gxf6
17. Bh4 Be7 18. Qf3 (18. f4 $5) 18... Kd7 19. Rac1 Rc8 20. Red1 h5 21. h3 Rh6
22. Rd2 Qb6 23. Rcd1 Kc7 24. Bg3 Rd8 25. Bxd6+ Bxd6 26. Rxd6 Rxd6 27. Rxd6 Kxd6
28. Qf4+ Ke7 29. Qxh6 Bxb3 30. axb3 (30. axb3 Qc5 $10) 1/2-1/2

[Event "RUS-ch"]
[Site "Elista"]
[Date "1995.??.??"]
[Round "1"]
[White "Smyslov, Vassily V"]
[Black "Yandemirov, Valeri"]
[Result "0-1"]
[WhiteElo "2565"]
[BlackElo "2460"]
[Annotator "Wedberg,T"]
[PlyCount "72"]
[EventDate "1995.10.??"]
[EventType "swiss"]
[EventRounds "11"]
[EventCountry "RUS"]
[SourceTitle "CBM 050"]
[Source "ChessBase"]
[SourceDate "1996.02.01"]
[SourceVersion "1"]
[SourceVersionDate "1996.02.01"]
[SourceQuality "1"]

1. e4 e5 2. Nf3 Nc6 3. Bb5 a6 4. Ba4 d6 5. O-O Bg4 6. h3 h5 7. Bxc6+ (7. d4)
7... bxc6 8. d3 Qf6 9. Nbd2 Ne7 (9... g5 10. Nc4 Bxf3 11. Qxf3 Qxf3 12. gxf3
Ne7 13. Kh2 Bh6 14. Rg1 f6 $10 {Huebner,R-Yusupov,A/Garmisch-Partenkirchen /
1994}) 10. Re1 Bd7 11. Nf1 Ng6 12. Bg5 Qe6 13. d4 f6 14. Be3 Ne7 15. Qd2 g5 16.
dxe5 dxe5 17. Qa5 Ng6 18. Qxc7 g4 19. hxg4 hxg4 20. N3h2 Bd6 21. Qa5 Rb8 22.
Red1 $2 (22. Qxa6 Rxb2 23. a4 (23. Qd3 Nf4 24. Bxf4 exf4 $132) 23... Rxc2 24.
a5 $13) 22... Rxb2 23. Qxa6 Nf4 $1 $40 24. Rd2 Bb4 25. c3 Rxd2 (25... Bxc3 $2
26. Rxb2 Bxb2 27. Rb1 $36) 26. Bxd2 Bc5 27. Rb1 Bc8 $1 28. Rb8 Kf7 29. Qa5 Ne2+
30. Kh1 Bxf2 $19 31. g3 Nxg3+ 32. Kg2 Nxf1 33. Nxf1 g3 34. Nxg3 Bxg3 35. Qa7+
Kg6 36. Kxg3 Qg4+ 0-1